000
00289nam a22001337a 4500
008
190227b xxu||||| |||| 00| 0 eng d
020
_a
0064539148
041
_a
eng
080
_a
611
100
_a
7
101
_a
ANA
245
_a
The Anatomy Coloring Book
_c
Kapit,W
942
_2
udc
_c
BK
999
_c
54334
_d
54334